| 000 | 00689cab a2200241 4500 | ||
|---|---|---|---|
| 001 | WB3333-49 | ||
| 008 | 090401t1997 xxu||||| |||| 00| 0 eng d | ||
| 035 | _a(Sirsi) u80336 | ||
| 041 | _aeng | ||
| 245 | _aJapanese land values | ||
| 260 | _c1997 | ||
| 350 | _a0 | ||
| 490 |
_aFinancial Times _v19 August 1997, 5(1) |
||
| 520 | _aLand prices in Japan have fallen for the fifth consecutive year. Average values were 8.3% lower at the start of 1997 than the start of 1996. | ||
| 650 | _aJAPAN | ||
| 650 | _aLAND PRICES | ||
| 650 | _aLAND VALUES | ||
| 650 | _aRESIDENTIAL LAND | ||
| 650 | _aTOKYO | ||
| 690 | _aOVERSEAS-REST OF THE WORLD | ||
| 942 | _n0 | ||
| 948 | _c19/08/1997 | ||
| 999 |
_c50595 _d50595 |
||